Statistics for Germany 2018 FIFA World Cup Squad

Click here to take the quiz!

General Stats

  • This quiz has been taken 2,215 times
    (2,066 since last reset)
  • The average score is 18 of 24

Answer Stats

PositionPlayerClub% Correct
GKManuel NeuerBayern Munich
99%
MFToni KroosReal Madrid
97%
GKMarc-Andre ter StegenFC Barcelona
96%
MFMesut ÖzilArsenal FC
94%
DFJérôme Boateng Bayern Munich
93%
DFMats HummelsBayern Munich
92%
FWThomas MüllerBayern Munich
90%
FWTimo WernerRB Leipzig
89%
MFMarco ReusBorussia Dortmund
89%
DFJoshua KimmichBayern Munich
87%
MFSami KhediraJuventus FC
86%
DFAntonio RüdigerChelsea FC
83%
MFJulian DraxlerParis St-Germain
82%
GKKevin TrappParis St-Germain
82%
MFIlkay GündoganManchester City
81%
COACHJoachim Löw/
78%
DFNiklas SüleBayern Munich
70%
FWMario GomezVfB Stuttgart
65%
MFLeon GoretzkaFC Schalke 04
60%
DFJonas Hector1. FC Köln
60%
MFJulian BrandtBayer Leverkusen
57%
DFMatthias GinterBorussia Mönchengladbach
44%
DFMarvin PlattenhardtHertha BSC
37%
MFSebastian RudyBayern Munich
35%

Score Distribution

Percentile by Number Answered

Percent of People with Each Score

Your Score History

You have not taken this quiz since the last reset